Statistiken für Die niedlichsten Mädchen Namen (Leicht)

Klicken Sie hier um das Quiz zu spielen!

Allgemein

  • Dieses Quiz wurde 179 mal gespielt
  • Das Durchschnittsergebnis liegt bei 2 aus 14

Antwortstatistiken

NameHerkunftGenuzt im Sprachraum% Korrekt
Lyn/Lin/RinDeutschland, Frankreich, JapanEnglisch, Französisch, Japanisch
63%
Lisa/RisaIsraelDeutsch, Englisch, Französisch, Italienisch, Japanisch
41%
Lilly/LillieIsraelEnglisch
34%
Emilie/EmilyLateinischDeutsch, Französisch
30%
EmiliaLateinischDeutsch, Italienisch, Englisch
17%
AnnikaIsraelDeutsch, Niederländisch, Dänisch, Norwegisch, Schwedisch, Isländisch
6%
NiaKeltischEnglisch, Walisisch, Griechisch, Swaheli
3%
KikiDiverseEnglisch, Griechisch, Spanisch, Ägyptisch (Heute in Ägypten), Dänisch, Schwedisch, Norwegisch, Isländisch
1%
LiliaLateinischItalienisch
1%
TiffanyGriechenlandEnglisch
1%
ChikaJapanJapanisch
0%
ChizuruJapanJapanisch
0%
MarikaIsraelUngarisch, Slowakisch, Tschechisch, Polnisch
0%
MichiruJapanJapanisch
0%

Verteilung der Resultate

Perzentil nach korrekt beantworteten Fragen

Anzahl Personen mit jedem Resultat

Ihre Resultats-Entwicklung

Sie haben dieses Quiz noch nicht gespielt